Ekonomika stavebníctva informácie z odboru ekonomiky a organizácie stavebníctva

Guardado en:
Detalles Bibliográficos
Formato: Seriadas
Lenguaje:eslovaco
Publicado: Bratislava Ústav ekonomiky a organizácie stavebníctva 1964
Etiquetas: Agregar Etiqueta
Sin Etiquetas, Sea el primero en etiquetar este registro!

MARC

LEADER 00000nas2a2200000 4500
001 0009436
005 20250730114240.9
041 0 |a slo 
044 |a SK 
245 1 0 |a Ekonomika stavebníctva  |b informácie z odboru ekonomiky a organizácie stavebníctva 
264 1 |a Bratislava  |b Ústav ekonomiky a organizácie stavebníctva  |c 1964 
300 |a 2 zv. 
773 0 |w eu_un_cat*s121061